000 00534nam a2200193 a 4500
001 1770713644686
003 YourLibrary
005 20260210142833.0
008 260210s2006##################000#0#eng##
020 _a9780415378680
082 0 4 _a330.9411
_bSLA
100 1 _aSlaven, Anthony,
_eauthor.
245 1 0 _aThe Development of the West of Scotland 1750-1960 :
260 _bTaylor & Francis,
_c2006.
300 _a312 pages
650 0 _aBusiness & Economics.
942 _cENGLISH
040 _aYourLibrary
_beng
_cYourLibrary
999 _c611401
_d611401